| 000 | 00688nam a2200205 i 4500 | ||
|---|---|---|---|
| 001 | 133682 | ||
| 003 | ES-MaACL | ||
| 005 | 20230906194511.0 | ||
| 007 | t| | ||
| 008 | 070824s1929 sp ||||1| spa d | ||
| 100 | 1 |
_aMalaparte, Curzio. _975687 |
|
| 245 | 1 | 0 |
_aEn torno al casticismo en Italia / _cCurzio Malaparte [seud.] ; prólogo y traducción de E. Giménez Caballero. |
| 260 |
_aMadrid : _bCaro Raggio, _c1929. |
||
| 300 |
_a154 p. ; _c19 cm. |
||
| 594 | _aCurzio Malaparte es seud. de Kurt Erich Suckert. | ||
| 650 |
_aFascismo- _zItalia. _9160050 |
||
| 700 | 1 |
_aGiménez Caballero, Ernesto, _d1899-1988 _957038 |
|
| 852 |
_aES-MaACL _jB-12570 |
||
| 999 |
_c133682 _d133682 |
||